000 004480000a22001690004500
003 MACL
005 20160102123345.0
008 160102b xxu||||| |||| 00| 0 eng d
040 _aMACL
_cMACL
041 _aEnglish
082 _a796.83/MIL
100 _aMiles, Henry Downes
_926943
245 _aPugilistica
_bThe History of British Boxing vol 2
260 _bEdinbnrgb
_c1906
_aEdinburgb
650 _aGames
_926944
942 _cBK
_k796.83/MIL
_2ddc
999 _c36850
_d36850